000 00310nam a2200133 i 4500
001 bg
100 1 _aSRAM, E.
245 0 _aOrganičeskie sicintilljacionnye detektory /
_cE. Šram.
260 _aMoskva,
_c1967.
040 _cBPK
041 _apol
942 _cKS
008 s pl f |000 0 pol
999 _c12804
_d12804
856 _uhttp://koha.tu.koszalin.pl/cgi-bin/koha/opac-detail.pl?biblionumber=12804
_yKatalog online BPK